000 01404cam a2200145 4500500
005 20260329020341.0
041 _afre
042 _adc
100 1 0 _aJégou, Laurent
_eauthor
700 1 0 _aPanfili, Didier
_eauthor
245 0 0 _aL'Europe seigneuriale
260 _bArmand Colin,
_c2024.
520 _aEn 888, à la mort de Charles le Gros, l’empire carolingien se désagrège. Au cours des trois siècles suivants, l’histoire de l’Europe se fait à d’autres échelles : celle du royaume, de la principauté territoriale, de la châtellenie ou de la commune. Cette mosaïque politique participe d’une recomposition des pouvoirs mais ne signifie pas pour autant un affaiblissement des monarchies, ni un temps de crise. Les dynasties ottonienne et salienne en Germanie, capétienne en France, plantagenêt en Angleterre assurent le rayonnement de leur royaume et bénéficient d’un dynamisme économique sans précédent. La période est celle de la naissance de l’université, de l’essor de l’art roman et gothique, du développement d’un commerce à l’échelle internationale, comme de l’extension du christianisme au nord et à l’est, la reconquête des terres sous domination musulmane au sud et l’organisation d’expéditions en Terre sainte.
856 4 1 _uhttps://shs.cairn.info/l-europe-seigneuriale-3e-ed--9782200638917?lang=fr&redirect-ssocas=7080
999 _c1905614
_d1905614